Reuse of polyethylene scrap as building material for plastic waste minimisation /
Saved in:
| Main Author: | |
|---|---|
| Format: | Thesis Book |
| Language: | English |
| Published: |
2013.
|
| Subjects: | |
| Online Access: | http://studentsrepo.um.edu.my/id/eprint/6837 |
| Tags: |
Add Tag
No Tags, Be the first to tag this record!
|
| LEADER | 01372cam a2200325 a 4500 | ||
|---|---|---|---|
| 001 | u876437 | ||
| 003 | SIRSI | ||
| 005 | 201303211511 | ||
| 008 | 130321s2013 my a t 000 0 eng m | ||
| 040 | |a UMM |d UMJ |d AUM |e rda | ||
| 090 | |a TP7 |b UM 2013 Hara | ||
| 097 | |a TP7 |b UM 2013 Hara | ||
| 100 | 0 | |a Haryani Azahari. | |
| 245 | 1 | 0 | |a Reuse of polyethylene scrap as building material for plastic waste minimisation / |c Haryani Azahari. |
| 260 | |c 2013. | ||
| 300 | |a xiii, 60 leaves : |b ill. ; |c 30 cm. | ||
| 502 | |a Dissertation (M.Eng.) -- Jabatan Kejuruteraan Kimia, Fakulti Kejuruteraan, Universiti Malaya, 2013. | ||
| 504 | |a Bibliography: leaves 42-45. | ||
| 530 | |a Also issued in CD. | ||
| 650 | 0 | |a Waste minimization. | |
| 650 | 0 | |a Plastic scrap |x Recycling. | |
| 650 | 0 | |a Bituminous materials. | |
| 650 | 0 | |a Waste products as building materials. | |
| 710 | 2 | |a Universiti Malaya. |b Jabatan Kejuruteraan Kimia. | |
| 856 | 4 | 1 | |u http://studentsrepo.um.edu.my/id/eprint/6837 |
| 900 | |a AT-ZA | ||
| 596 | |a 1 7 25 | ||
| 999 | |a TP7 UM 2013 HARA |w LC |c 1 |i A515558704 |d 12/4/2019 |e 12/4/2019 |f 26/8/2013 |g 1 |l STACKS |m P01UTAMA |n 1 |r Y |s Y |t TESIS |u 22/8/2013 | ||
| 999 | |a TP7 UM 2013 HARA |w LC |c 1 |i A516084695 |d 18/2/2015 |f 18/2/2015 |g 1 |l STACKS |m P07JURUTER |r N |s Y |t TESIS |u 18/2/2015 | ||
| 999 | |a TP7 UM 2013 HARA |w LC |c 1 |i A515558664 |f 11/9/2020 |g 1 |l STACKS |m P25UMARCHI |r N |s Y |t CD |u 9/10/2017 |1 STEM | ||
